000 00504ntaaa2200193 4500
003 01
005 20251027203047.0
008 0714s1973 ag 01
020 _a8476140231
040 _aAR-BaBN
_bspa
_cAR-BaBN
_eaacr
_dRIC
082 _a381.9500 R73c
100 _aRosso, Vicenzo de
_931798
245 _aCómo se programan los ordenadores
250 _a1 ed.
260 _aMadrid :
_bAnaya Multimedia,
_c1985
300 _a192 p ;
_cgraf., il.; 22 cm
650 _aComputación
_931799
942 _cBK
999 _c25975
_d25975